[Event "HUN-chT2 Toth 2223"]
[Site "Hungary"]
[Date "2023.04.23"]
[Round "11.9"]
[White "Tanacs, Istvan"]
[Black "Kormos, Lajos"]
[Result "1/2-1/2"]
[WhiteElo "1505"]
[BlackElo "1969"]
[PlyCount "41"]
[EventDate "2022.10.16"]
[EventType "team-tourn"]
[EventRounds "11"]
[EventCountry "HUN"]
[SourceTitle "EXT 2025"]
[Source "ChessBase"]
[SourceDate "2024.10.14"]
[SourceVersion "1"]
[SourceVersionDate "2024.10.14"]
[SourceQuality "1"]
[WhiteTeam "Felegyhaza Csongrad"]
[BlackTeam "Kumania Kisujszallas"]
[WhiteTeamCountry "HUN"]
[BlackTeamCountry "HUN"]

1. b4 Nf6 2. Bb2 e6 3. b5 c6 4. a4 a6 5. e3 axb5 6. axb5 Rxa1 7. Bxa1 Be7 8. c4 0-0 9. Nf3 d5 10. Be2 Nbd7 11. 0-0 Qc7 12. h3 e5 13. d3 Rd8 14. Nbd2 e4 15. dxe4 dxe4 16. Ne1 Ne5 17. Qc2 cxb5 18. Nxe4 bxc4 19. Bxe5 Qxe5 20. Qxc4 Be6 21. Nxf6+ 1/2-1/2

[Event "HUN-chT2 Toth 2223"]
[Site "Hungary"]
[Date "2022.10.16"]
[Round "1.9"]
[White "Markus, Molli Amina"]
[Black "Tanacs, Istvan"]
[Result "1-0"]
[WhiteElo "1849"]
[BlackElo "1516"]
[PlyCount "57"]
[EventDate "2022.10.16"]
[EventType "team-tourn"]
[EventRounds "11"]
[EventCountry "HUN"]
[SourceTitle "EXT 2025"]
[Source "ChessBase"]
[SourceDate "2024.10.14"]
[SourceVersion "1"]
[SourceVersionDate "2024.10.14"]
[SourceQuality "1"]
[WhiteTeam "Maroczy II"]
[BlackTeam "Felegyhaza Csongrad"]
[WhiteTeamCountry "HUN"]
[BlackTeamCountry "HUN"]

1. Nf3 d6 2. c4 e5 3. Nc3 Nf6 4. g3 Nc6 5. Bg2 Be7 6. 0-0 0-0 7. a3 Be6 8. b3 d5 9. cxd5 Nxd5 10. Qc2 f5 11. Nxd5 Bxd5 12. Bb2 e4 13. Ne5 Nxe5 14. Bxe5 Bd6 15. Bb2 c6 16. d3 Qe7 17. dxe4 fxe4 18. Qc3 Rae8 19. b4 Be5 20. Qc2 Bxb2 21. Qxb2 b6 22. Rad1 a5 23. b5 Qc5 24. bxc6 Qxc6 25. Qd4 Rd8 26. Rc1 Qb7 27. Rb1 b5 28. Qc5 Bc4 29. Qxc4+ 1-0

[Event "HUN-chT2 Toth 1718"]
[Site "Hungary"]
[Date "2018.03.25"]
[Round "10.10"]
[White "Illes, David Mark"]
[Black "Tanacs, Istvan"]
[Result "1-0"]
[WhiteElo "1790"]
[BlackElo "1562"]
[PlyCount "37"]
[EventDate "2017.09.24"]
[EventType "team-tourn"]
[EventRounds "11"]
[EventCountry "HUN"]
[SourceTitle "EXT 2021"]
[Source "ChessBase"]
[SourceDate "2020.10.23"]
[SourceVersion "1"]
[SourceVersionDate "2020.10.23"]
[SourceQuality "1"]
[WhiteTeam "Karcag"]
[BlackTeam "Felegyhaza Csongrad"]
[WhiteTeamCountry "HUN"]
[BlackTeamCountry "HUN"]

1. d4 d5 2. Nf3 Nf6 3. g3 e6 4. Bg2 c5 5. c3 c4 6. 0-0 Be7 7. Nbd2 0-0 8. Re1 Re8 9. e4 dxe4 10. Ne5 b5 11. Nxe4 Nd5 12. a4 Ba6 13. Bh3 Qc7 14. Nxf7 Kxf7 15. Qh5+ Kf8 16. Bxe6 Bf6 17. Bxd5 Bb7 18. Qxe8+ Kxe8 19. Nxf6+ 1-0

[Event "HUN-chT2 Toth 1516"]
[Site "Hungary"]
[Date "2016.04.17"]
[Round "11.11"]
[White "Tanacs, Istvan"]
[Black "Inges, Zeno"]
[Result "0-1"]
[WhiteElo "1584"]
[BlackElo "1854"]
[PlyCount "62"]
[EventDate "2015.09.13"]
[EventType "team-tourn"]
[EventRounds "11"]
[EventCountry "HUN"]
[SourceTitle "EXT 2017"]
[Source "ChessBase"]
[SourceDate "2016.10.25"]
[SourceVersion "1"]
[SourceVersionDate "2016.10.25"]
[SourceQuality "1"]
[WhiteTeam "Felegyhaza Csongrad"]
[BlackTeam "Ujszasz"]
[WhiteTeamCountry "HUN"]
[BlackTeamCountry "HUN"]

1. b4 d5 2. Bb2 Bf5 3. e3 Nd7 4. Nf3 e6 5. Be2 Ngf6 6. b5 Bd6 7. 0-0 h6 8. c4 0-0 9. h3 Nb6 10. d3 Re8 11. a4 Qe7 12. Nbd2 Rad8 13. d4 dxc4 14. Nxc4 Nxc4 15. Bxc4 Ne4 16. Nd2 Qg5 17. Nf3 Qe7 18. Bd3 Ng5 19. Bxf5 exf5 20. Nxg5 Qxg5 21. Qf3 b6 22. a5 f4 23. axb6 axb6 24. d5 fxe3 25. fxe3 Qxe3+ 26. Qxe3 Rxe3 27. Rf3 Rxf3 28. gxf3 Bc5+ 29. Kh1 Rxd5 30. Ra8+ Kh7 31. Rc8 Rd1+ 0-1

[Event "HUN-chT2 Toth 1415"]
[Site "Hungary"]
[Date "2015.03.01"]
[Round "9.11"]
[White "Tanacs, Istvan"]
[Black "Perdi, Zsombor"]
[Result "0-1"]
[WhiteElo "1596"]
[BlackElo "1608"]
[PlyCount "42"]
[EventDate "2014.09.07"]
[EventType "team-tourn"]
[EventRounds "11"]
[EventCountry "HUN"]
[SourceTitle "EXT 2016"]
[Source "ChessBase"]
[SourceDate "2015.10.08"]
[SourceVersion "1"]
[SourceVersionDate "2015.10.08"]
[SourceQuality "1"]
[WhiteTeam "Felegyhaza Csongrad"]
[BlackTeam "Bekes"]
[WhiteTeamCountry "HUN"]
[BlackTeamCountry "HUN"]

1. b4 e5 2. Bb2 d6 3. e3 Be6 4. c4 Nd7 5. Be2 Ngf6 6. d3 Be7 7. Nf3 0-0 8. 0-0 Ne8 9. Nfd2 f5 10. f4 Bf6 11. fxe5 Bxe5 12. d4 Bf6 13. Qc2 Qe7 14. e4 fxe4 15. Qxe4 g6 16. Bg4 Bxg4 17. Qxg4 Ng7 18. Nf3 Rae8 19. Re1 Qxe1+ 20. Nxe1 Rxe1+ 21. Kf2 Bh4# 0-1

[Event "HUN-chT2 Toth 1213"]
[Site "Hungary"]
[Date "2013.04.21"]
[Round "11.9"]
[White "Tanacs, Istvan"]
[Black "Feichter, Erno"]
[Result "0-1"]
[WhiteElo "1611"]
[BlackElo "1884"]
[PlyCount "85"]
[EventDate "2012.09.16"]
[EventType "team-tourn"]
[EventRounds "11"]
[EventCountry "HUN"]
[SourceTitle "EXT 2014"]
[Source "ChessBase"]
[SourceDate "2013.11.20"]
[SourceVersion "1"]
[SourceVersionDate "2013.11.20"]
[SourceQuality "1"]
[WhiteTeam "Felegyhaza Csongrad"]
[BlackTeam "Abony"]
[WhiteTeamCountry "HUN"]
[BlackTeamCountry "HUN"]

1. b4 e5 2. Bb2 Bxb4 3. Bxe5 Nf6 4. a3 Ba5 5. e3 d5 6. c4 0-0 7. Nf3 Re8 8. Be2 Nbd7 9. Bb2 Nc5 10. 0-0 dxc4 11. Bxc4 Be6 12. Qc2 c6 13. h3 Nce4 14. d3 Nd6 15. Bb3 Nd5 16. Rd1 Nb5 17. Nd4 Nxd4 18. Bxd4 Qg5 19. Kf1 Bb6 20. Qb2 c5 21. Bc3 Nxe3+ 22. fxe3 Bxb3 23. Re1 Ba4 24. Nd2 Rad8 25. Nf3 Qg6 26. Ne5 Qf5+ 27. Nf3 Qxd3+ 28. Kg1 Qg6 29. Ne5 Qg3 30. Ng4 h5 31. Bxg7 hxg4 32. hxg4 Qxg4 33. Bh6 Bc6 34. Qf2 Re6 35. Bf4 Rde8 36. a4 a6 37. a5 Ba7 38. Rac1 Re4 39. Rf1 c4 40. Rc3 Rxf4 41. Rxc4 Bxe3 42. Rxf4 Bxf2+ 43. R1xf2 0-1

[Event "HUN-chT2 Toth 1112"]
[Site "Hungary"]
[Date "2011.10.30"]
[Round "2.12"]
[White "Tanacs, Istvan"]
[Black "Jako, Robert"]
[Result "0-1"]
[WhiteElo "1647"]
[BlackElo "1722"]
[PlyCount "110"]
[EventDate "2011.09.25"]
[EventType "team-tourn"]
[EventRounds "11"]
[EventCountry "HUN"]
[SourceTitle "EXT 2013"]
[Source "ChessBase"]
[SourceDate "2012.11.22"]
[SourceVersion "1"]
[SourceVersionDate "2012.11.22"]
[SourceQuality "1"]
[WhiteTeam "KHTK"]
[BlackTeam "Gyula"]
[WhiteTeamCountry "HUN"]
[BlackTeamCountry "HUN"]

1. b4 Nf6 2. Bb2 e6 3. b5 b6 4. e3 Bb7 5. c4 d5 6. Qb3 Be7 7. Nf3 Nbd7 8. d4 0-0 9. Be2 dxc4 10. Qxc4 Bd5 11. Qc1 Bb4+ 12. Bc3 Qe7 13. 0-0 Rac8 14. Qb2 Bd6 15. Ne5 Ne4 16. Nxd7 Qxd7 17. f3 Nxc3 18. Nxc3 Bb7 19. e4 c5 20. bxc6 Qxc6 21. Rac1 Qd7 22. Nb5 Bb8 23. Rfd1 Rxc1 24. Rxc1 a6 25. Na3 Ba7 26. Kh1 b5 27. Nc2 Rc8 28. Rd1 Bb8 29. e5 Rd8 30. Na1 Bxe5 31. Nb3 Bf6 32. Qd2 Bc8 33. h3 Qd6 34. f4 Bb7 35. Qe3 Qa3 36. Qd2 Bd5 37. Qa5 Qxa5 38. Nxa5 Bxa2 39. Nc6 Rd6 40. Nb4 Bc4 41. Bf3 a5 42. Nc6 a4 43. Ne5 a3 44. Nxc4 bxc4 45. Ra1 Ra6 46. Be2 Bxd4 47. Ra2 Ra4 48. Bd1 Ra5 49. Be2 c3 50. Bd3 Be3 51. g3 Bc1 52. Rc2 Bb2 53. Bc4 a2 54. Bxa2 Rxa2 55. Kg2 Ra1 0-1

[Event "HUN-chT2 Toth 1112"]
[Site "Hungary"]
[Date "2011.09.25"]
[Round "1.10"]
[White "Laszlo, Bela"]
[Black "Tanacs, Istvan"]
[Result "1-0"]
[WhiteElo "1855"]
[BlackElo "1647"]
[PlyCount "33"]
[EventDate "2011.09.25"]
[EventType "team-tourn"]
[EventRounds "11"]
[EventCountry "HUN"]
[SourceTitle "EXT 2013"]
[Source "ChessBase"]
[SourceDate "2012.11.22"]
[SourceVersion "1"]
[SourceVersionDate "2012.11.22"]
[SourceQuality "1"]
[WhiteTeam "Karcag"]
[BlackTeam "KHTK"]
[WhiteTeamCountry "HUN"]
[BlackTeamCountry "HUN"]

1. d4 d5 2. c4 e6 3. Nc3 Nc6 4. Nf3 Nf6 5. Bg5 Be7 6. e3 h6 7. Bh4 0-0 8. Bd3 Nb4 9. Bb1 dxc4 10. a3 Nbd5 11. Qa4 Nxc3 12. bxc3 Qd5 13. Bxf6 Bxf6 14. e4 Bd7 15. Qc2 Qa5 16. e5 Be7 17. Qh7# 1-0

[Event "Lakitelek Magyarok op"]
[Site "Lakitelek"]
[Date "2011.08.11"]
[Round "7"]
[White "Kukel, Imre"]
[Black "Tanacs, Istvan"]
[Result "1-0"]
[WhiteElo "2000"]
[BlackElo "1662"]
[PlyCount "47"]
[EventDate "2011.08.06"]
[EventType "swiss"]
[EventRounds "9"]
[EventCountry "HUN"]
[SourceTitle "CBM 144 Extra"]
[Source "ChessBase"]
[SourceDate "2011.10.28"]
[SourceVersion "1"]
[SourceVersionDate "2011.10.28"]
[SourceQuality "1"]

1. d4 d5 2. e4 e6 3. Nc3 dxe4 4. Nxe4 Nf6 5. Bd3 Be7 6. Nf3 h6 7. 0-0 0-0 8. b3 b6 9. Bb2 Bb7 10. Qe2 Nbd7 11. Rad1 a6 12. c4 Qc8 13. Ng3 Rd8 14. Ne5 c6 15. Rfe1 Qc7 16. Nxf7 Rf8 17. Qxe6 Rxf7 18. Bg6 Raf8 19. Nf5 Bb4 20. Re3 Ng4 21. Rg3 Ndf6 22. a3 Bc8 23. Qe2 Re7 24. Nxe7+ 1-0

[Event "Lakitelek Magyarok op"]
[Site "Lakitelek"]
[Date "2011.08.08"]
[Round "4"]
[White "Tanacs, Istvan"]
[Black "Kecskemeti, Krisztina"]
[Result "1/2-1/2"]
[WhiteElo "1662"]
[BlackElo "1665"]
[PlyCount "29"]
[EventDate "2011.08.06"]
[EventType "swiss"]
[EventRounds "9"]
[EventCountry "HUN"]
[SourceTitle "CBM 144 Extra"]
[Source "ChessBase"]
[SourceDate "2011.10.28"]
[SourceVersion "1"]
[SourceVersionDate "2011.10.28"]
[SourceQuality "1"]

1. b4 e6 2. Bb2 Nf6 3. b5 Be7 4. e3 d5 5. Nf3 0-0 6. c4 c5 7. Be2 dxc4 8. Bxc4 Nbd7 9. Qc2 b6 10. 0-0 Bb7 11. Be2 Nd5 12. a3 N7f6 13. Bd3 h6 14. h3 Rb8 15. Be2 1/2-1/2

[Event "HUN-chT2 Toth 0910"]
[Site "Hungary"]
[Date "2010.02.28"]
[Round "7.9"]
[White "Tanacs, Istvan"]
[Black "Balogh, David"]
[Result "0-1"]
[WhiteElo "1690"]
[BlackElo "1973"]
[PlyCount "126"]
[EventDate "2009.11.08"]
[EventType "team-tourn"]
[EventRounds "11"]
[EventCountry "HUN"]
[SourceTitle "EXT 2011"]
[Source "ChessBase"]
[SourceDate "2010.11.26"]
[SourceVersion "1"]
[SourceVersionDate "2010.11.26"]
[SourceQuality "1"]
[WhiteTeam "Kkfhazi Honved"]
[BlackTeam "Kisujszallas"]
[WhiteTeamCountry "HUN"]
[BlackTeamCountry "HUN"]

1. b4 e5 2. Bb2 Bxb4 3. Bxe5 Nf6 4. e3 Nc6 5. Bb2 d5 6. Nf3 Ne7 7. Be2 Ng6 8. c4 c6 9. Qb3 Ba5 10. cxd5 cxd5 11. Qa4+ Bd7 12. Bb5 Bc7 13. Bxd7+ Qxd7 14. Qxd7+ Kxd7 15. Bxf6 gxf6 16. Nc3 Ne7 17. Rb1 Rab8 18. Ke2 Be5 19. d4 Bc7 20. Rb3 b6 21. Nb5 Rb7 22. Rc1 Rc8 23. Rbc3 Bb8 24. g3 a6 25. Rxc8 Nxc8 26. Nc3 Ne7 27. Kd3 Bc7 28. e4 b5 29. Nd2 Ba5 30. Nb3 Bb6 31. Nc5+ Bxc5 32. dxc5 Kc6 33. Kd4 Rd7 34. Ne2 dxe4+ 35. Kxe4 f5+ 36. Ke5 Ng6+ 37. Kxf5 Rd2 38. Re1 Rxa2 39. Kf6 a5 40. Kxf7 Rd2 41. f4 a4 42. f5 Ne5+ 43. Kg7 Rd7+ 44. Kg8 a3 45. Nc1 Nd3 46. Nxd3 Rxd3 47. f6 Rf3 48. f7 b4 49. f8Q Rxf8+ 50. Kxf8 a2 51. Kg7 b3 52. Ra1 h5 53. Kh6 Kxc5 54. Kxh5 Kb4 55. h4 Ka3 56. Rf1 b2 57. Rf3+ Kb4 58. Rf4+ Kc5 59. Ra4 a1Q 60. Rxa1 bxa1Q 61. g4 Qa7 62. g5 Kd5 63. Kg4 Ke5 0-1